| 000 | 00410nam a22001457a 4500 | ||
|---|---|---|---|
| 003 | MACL | ||
| 005 | 20181212153952.0 | ||
| 008 | 181212b xxu||||| |||| 00| 0 eng d | ||
| 040 | _c MACL | ||
| 100 |
_aगिजुभाई _973375 |
||
| 245 | _aचलते िफरते | ||
| 260 |
_aबीकानेर _bसर्जना _c2013 |
||
| 650 |
_aरचनावली _9163 |
||
| 942 |
_2ddc _cHIN |
||
| 999 |
_c58691 _d58691 |
||